Charlotte Dörter-Rehmet

Titel: Charlotte Dörter-Rehmet / Klaus Dörter
Verfasser:
In: Ostdeutsche Gedenktage, (2010), Seite 34-36
alle Artikel anzeigen
Veröffentlicht: 2010
Umfang: Illustrationen
Format: Aufsatz
Sprache: Deutsch
Schlagworte:
Kein Bild verfügbar
X
alg: 43291971
001A    $03025:22-06-18 
001B    $06060:20-07-18 $t07:10:58.000 
001C    $03025:22-06-18 $t12:00:07.000 
001D    $03025:22-06-18 
001U    $0utf8 
001X    $00 
002@    $0Aou 
002C    $aText $btxt $2rdacontent 
002D    $aohne Hilfsmittel zu benutzen $bn $2rdamedia 
002E    $aBand $bnc $2rdacarrier 
003@    $0432919716 
007A    $0432919716 $aHEB 
010@    $ager 
010E    $erda 
011@    $a2010 
021A    $aCharlotte Dörter-Rehmet $hKlaus Dörter 
028A    $BVerfasser $#Dörter, K. $4aut $7 $8Dörter, Klaus [Tnd] $9140200819 
031A    $h34-36 $j2010 
034M    $aIllustrationen 
039B    $aEnthalten in $8--Abvc--. Ostdeutsche Gedenktage. - Bonn : Kulturstiftung der Vertriebenen, 1965-[2018] $x201000000000000966 $9047761881 
044K    $#Rehmet, Charlotte Dörter- $7135123216 $8Dörter-Rehmet, Charlotte$Z1893-1980 [Tp1] $920104501X 
044K    $RPowiat Brzeski $RWoiwodschaft Oppeln $#Grodków $74239230-5 $8Grottkau [Tg1] $9086254227 
044K    $RPolen $RNiederschlesien $ROberschlesien $RNiederschlesien $ROberschlesien $#Schlesien $#Schlesien $#Herzogtum Schlesien $#Herzogtum Schlesien Schlesien $#Provinz Schlesien $#Śla̜sk $#Slezsko $#Silesia $74052678-1 $8Schlesien [Tg1] $9085146781 
044K    $RFachärztin $RZahnarzt $#Women dentists $#Femmes dentistes $#Dentists, Women $#Zahnärzte $74280860-1 $8Zahnärztin [Ts1] $9086516965 
045F    $a610.943850904 $eDDC22BSB 
045F/01 $a610.9 
045F/03 $f04 
045F/03 $g4385 
045R    $aGeschichte 1883-1980 
045T    $a8,1 

lok: 43291971 78

exp: 43291971 78 1 #EPN
201B/01 $006-07-18 $t14:05:04.000 
201C/01 $022-06-18 
201U/01 $0utf8 
203@/01 $01023763044 
208@/01 $a22-06-18 $be 
209A/01 $a/ $f000 $x00 
209A/01 $ab*p $x01 
209S/01 $uhttps://kulturportal-west-ost.eu/biographien/dorter-rehmet-charlotte-2 $XH 
220C/01 $awma 
244Z/01 $#Schlesien $#Schlesien $#Herzogtum Schlesien $#Herzogtum Schlesien Schlesien $#Provinz Schlesien $#Śla̜sk $#Slezsko $#Silesia $74052678-1 $8--Tg1--Schlesien $x02 $9085146781 
247C/01 $82080>Marburg/Lahn, Herder-Institut, Forschungsbibliothek, Bibliographieportal $9336309341
LEADER 00000caa a2200000 c 4500
001 432919716
003 DE-603
005 20180720071058.0
007 tu
008 180622s2010 xx |||| | u00||u|ger c
035 |a (DE-599)HEB432919716 
040 |a DE-603  |b ger  |c DE-603  |d DE-603  |e rda 
041 |a ger 
082 0 4 |8 1\u  |a 610.943850904  |q DE-101  |2 22/BSB 
084 |a 8,1  |2 ssgn 
085 |8 1\u  |b 610.9 
085 |8 1\u  |z 1  |s 04 
085 |8 1\u  |z 2  |s 4385 
100 1 |a Dörter, Klaus  |e Verfasser  |4 aut  |0 (DE-603)140200819 
245 0 0 |a Charlotte Dörter-Rehmet  |c Klaus Dörter 
264 0 |c 2010 
300 |b Illustrationen 
336 |a Text  |b txt  |2 rdacontent 
337 |a ohne Hilfsmittel zu benutzen  |b n  |2 rdamedia 
338 |a Band  |b nc  |2 rdacarrier 
600 1 7 |a Dörter-Rehmet, Charlotte  |d 1893-1980  |0 (DE-588)135123216  |0 (DE-603)20104501X  |2 gnd 
648 7 |a Geschichte 1883-1980  |2 gnd 
650 7 |a Zahnärztin  |0 (DE-588)4280860-1  |0 (DE-603)086516965  |2 gnd 
651 7 |a Grottkau  |0 (DE-588)4239230-5  |0 (DE-603)086254227  |2 gnd 
651 7 |a Schlesien  |0 (DE-588)4052678-1  |0 (DE-603)085146781  |2 gnd 
773 0 8 |i Enthalten in  |t Ostdeutsche Gedenktage  |d Bonn : Kulturstiftung der Vertriebenen, 1965-[2018]  |g (2010), Seite 34-36  |w (DE-603)047761881  |w (DE-600)521278-9 
924 0 |9 2080  |a (DE-603)1023763044  |b DE-2080  |c HES  |d d  |g /  |k https://kulturportal-west-ost.eu/biographien/dorter-rehmet-charlotte-2